<?xml version="1.0" encoding="UTF-8"?>
<record
    xmlns:xsi="http://www.w3.org/2001/XMLSchema-instance"
    xsi:schemaLocation="http://www.loc.gov/MARC21/slim http://www.loc.gov/standards/marcxml/schema/MARC21slim.xsd"
    xmlns="http://www.loc.gov/MARC21/slim">

  <leader>00504nam a22001817a 4500</leader>
  <controlfield tag="005">20260313085440.0</controlfield>
  <controlfield tag="008">260313b        |||||||| |||| 00| 0 eng d</controlfield>
  <datafield tag="040" ind1=" " ind2=" ">
    <subfield code="a">IN-DiNC</subfield>
    <subfield code="c">IN-DiNC</subfield>
  </datafield>
  <datafield tag="041" ind1=" " ind2=" ">
    <subfield code="d">asm</subfield>
  </datafield>
  <datafield tag="082" ind1=" " ind2=" ">
    <subfield code="a">330.15</subfield>
    <subfield code="b">AHM</subfield>
  </datafield>
  <datafield tag="100" ind1=" " ind2=" ">
    <subfield code="a">Ahmed, Rofique</subfield>
    <subfield code="e">author</subfield>
  </datafield>
  <datafield tag="245" ind1=" " ind2=" ">
    <subfield code="a">Arthanitik bhabdharar itihas (Major14)/</subfield>
    <subfield code="c">by Rofique Ahmed</subfield>
  </datafield>
  <datafield tag="250" ind1=" " ind2=" ">
    <subfield code="a">1st ed.</subfield>
  </datafield>
  <datafield tag="260" ind1=" " ind2=" ">
    <subfield code="a">Jorhat:</subfield>
    <subfield code="b">Unika prakashan,</subfield>
    <subfield code="c">2026.</subfield>
  </datafield>
  <datafield tag="300" ind1=" " ind2=" ">
    <subfield code="a">372p.</subfield>
  </datafield>
  <datafield tag="650" ind1=" " ind2=" ">
    <subfield code="a">History of economic thought (Major14)</subfield>
  </datafield>
  <datafield tag="942" ind1=" " ind2=" ">
    <subfield code="2">ddc</subfield>
    <subfield code="c">BK</subfield>
  </datafield>
  <datafield tag="999" ind1=" " ind2=" ">
    <subfield code="c">12327</subfield>
    <subfield code="d">12327</subfield>
  </datafield>
  <datafield tag="952" ind1=" " ind2=" ">
    <subfield code="0">0</subfield>
    <subfield code="1">0</subfield>
    <subfield code="2">ddc</subfield>
    <subfield code="4">0</subfield>
    <subfield code="7">0</subfield>
    <subfield code="8">ECO</subfield>
    <subfield code="a">MAIN</subfield>
    <subfield code="b">MAIN</subfield>
    <subfield code="c">GEN</subfield>
    <subfield code="d">2026-03-13</subfield>
    <subfield code="g">400.00</subfield>
    <subfield code="l">2</subfield>
    <subfield code="o">330.15 AHM</subfield>
    <subfield code="p">31265</subfield>
    <subfield code="q">2026-06-02</subfield>
    <subfield code="r">2026-05-14 07:05:25</subfield>
    <subfield code="s">2026-05-14</subfield>
    <subfield code="t">1</subfield>
    <subfield code="w">2026-03-13</subfield>
    <subfield code="y">BK</subfield>
  </datafield>
  <datafield tag="952" ind1=" " ind2=" ">
    <subfield code="0">0</subfield>
    <subfield code="1">0</subfield>
    <subfield code="2">ddc</subfield>
    <subfield code="4">0</subfield>
    <subfield code="7">0</subfield>
    <subfield code="8">ECO</subfield>
    <subfield code="a">MAIN</subfield>
    <subfield code="b">MAIN</subfield>
    <subfield code="c">GEN</subfield>
    <subfield code="d">2026-03-13</subfield>
    <subfield code="g">400.00</subfield>
    <subfield code="l">1</subfield>
    <subfield code="o">330.15 AHM</subfield>
    <subfield code="p">31266</subfield>
    <subfield code="q">2026-04-06</subfield>
    <subfield code="r">2026-03-17 06:52:16</subfield>
    <subfield code="s">2026-03-17</subfield>
    <subfield code="t">2</subfield>
    <subfield code="w">2026-03-13</subfield>
    <subfield code="y">BK</subfield>
  </datafield>
</record>
